000
00363nam a22001217a 4500
999
_c
13703
_d
13703
082
_a
808.84
_b
ح ج ا
100
_a
حجازی، نسیم
245
_a
شاہین
_c
نسیم حجازی
260
_a
لاہور
_b
جہانگیر بک ڈپو
_c
٢٠٠٥
300
_a
٥٢٧ صفحات
650
_a
Novel
_a
Shaheen
_a
Naseem Hijazi
_a
Urdu Literature
942
_c
BK